Zero to one :Notes on Startups, or How to Build the Future (Record no. 32029)
[ view plain ]
| 000 -LEADER | |
|---|---|
| fixed length control field | 00360nam a2200133Ia 4500 |
| 008 - FIXED-LENGTH DATA ELEMENTS--GENERAL INFORMATION | |
| fixed length control field | 240123s9999 xx 000 0 und d |
| 020 ## - INTERNATIONAL STANDARD BOOK NUMBER | |
| ISBN | 9780753555200 |
| 082 ## - DEWEY DECIMAL CLASSIFICATION NUMBER | |
| Classification number | 658.11 |
| Author Mark | THI-Z |
| 100 ## - MAIN ENTRY--AUTHOR | |
| Author Name | Thiel, Peter |
| 245 #0 - TITLE STATEMENT | |
| Title | Zero to one :Notes on Startups, or How to Build the Future |
| 260 ## - PUBLICATION, DISTRIBUTION, ETC. | |
| Name of publisher, distributor, etc. | Virgin Books,, |
| Place of Publication | London |
| Date of publication, distribution, etc. | 2014 |
| 300 ## - PHYSICAL DESCRIPTION | |
| Pages | 210p, |
| 942 ## - ADDED ENTRY ELEMENTS (KOHA) | |
| Koha item type | Book |
| Withdrawn status | Lost status | Damaged status | Not for loan | Collection code | Permanent Location | Current Location | Shelving Location | Date acquired | Source of acquisition | Price | Inventory number | Total Checkouts | Full Call Number | Accession No./Barcode | Date last seen | Koha item type |
|---|---|---|---|---|---|---|---|---|---|---|---|---|---|---|---|---|
| English | Air University Kharian Campus Library | Air University Kharian Campus Library | History | 01/01/2024 | Ali Book Services | 2100.00 | 0220 | 2 | 658.11 THI-Z | AUKHP0152 | 05/11/2026 | Book |







